Statistics for Big Red Machine (feat. Taylor Swift) - Renegade (Lyrics)

Click here to take the quiz!

General Stats

  • This quiz has been taken 327 times
  • The average score is 409 of 454

Answer Stats

Answer% Correct
a
100%
I
100%
to
100%
to?
100%
To
100%
You
100%
you"?
100%
you
100%
your
100%
me
99%
me?
99%
in
98%
the
98%
The
98%
do
97%
it
96%
And
95%
and
95%
for
95%
so
95%
Is
94%
of
94%
really
94%
want
94%
But
93%
but
93%
time
93%
on
93%
renegade
93%
time
93%
be
92%
just
92%
like
92%
love
92%
night
92%
say,
92%
shit
92%
was
92%
window
92%
can
91%
darkest
91%
first
91%
"Get
91%
not
91%
shape
91%
together
91%
let
90%
Or
90%
stay,
90%
times
90%
about
89%
anxiety
89%
anyway
89%
damage
89%
if
89%
tapped
89%
these?
89%
it's
88%
from
88%
it's
88%
know
88%
my
88%
somebody
88%
somebody,
88%
stayed
88%
talk
88%
that
88%
wouldn't
88%
future
87%
history,
87%
make
87%
There
87%
all
86%
Are
86%
everything?
85%
have
85%
how
85%
How
85%
weak
85%
insensitive
84%
stops
84%
up
84%
giving
83%
gonna
83%
into
83%
need
83%
see
83%
street
83%
come
82%
long
82%
nowhere
82%
way;
82%
you're
82%
face
81%
had
81%
open
81%
pieces
81%
would've
81%
known
80%
might
80%
timing
80%
carry
79%
'cause
79%
them
79%
baggage
77%
blinds,
77%
crumbled
77%
many
77%
jagged
76%
yourself
76%
hate
75%
You've
73%
lay
72%
off
72%
I'm
71%
leave
71%
as
70%
demolishing
70%
then
68%
fire
67%
hand
66%
were
65%
missiles
63%
sharp
63%
you'd
60%
squeeze
59%
might've
54%

Score Distribution

Percentile by Number Answered

Percent of People with Each Score

Your Score History

You have not taken this quiz